Act locally, trade globally emissions trading for climate policy
Uložené v:
| Médium: | Kniha |
|---|---|
| Jazyk: | English |
| Vydavateľské údaje: |
Paris
OECD/IEA
2005
|
| Predmet: | |
| Tagy: |
Žiadne tagy, Buďte prvý, kto otaguje tento záznam!
|
MARC
| LEADER | 00000nam$a2200000$$$4500 | ||
|---|---|---|---|
| 001 | 0040552 | ||
| 005 | 20221129082357.9 | ||
| 020 | |a 92-64-10953-6 | ||
| 041 | 0 | |a eng | |
| 044 | |a FR | ||
| 245 | 1 | 0 | |a Act locally, trade globally |b emissions trading for climate policy |
| 264 | 1 | |a Paris |b OECD/IEA |c 2005 | |
| 300 | |a 234 s. | ||
| 610 | 2 | 0 | |a emisie |
| 610 | 2 | 0 | |a obchod |
| 610 | 2 | 0 | |a politika environmentálna |
| 610 | 2 | 0 | |a priemysel |
| 610 | 2 | 0 | |a znečistenie ovzdušia |
| 610 | 2 | 0 | |a doprava |